00429 2200169 4500001002100000005001500021008004100036020001800077035001900095041000700114082000800121090001400129100001600143245002700159260003300186300004000219INLIS00000000003132220241224133154241224||||||||| | ||| |||| || |  a979-151-784-3 0010-1224031322 aid0 a320 a320 ATO m0 aBujang Atoy00aMengenal benda sekitar ajakatabBee Media Kidzc2007 axxii, 16 halaman; ilustrasi ; 16 cm